แสดงรายละเอียดบรรณานุกรม
  กลับหน้าหลัก

Brief Record : Get Marc (ISO 2709) : E-mail record : QR code ปิดหน้าต่าง
LEADER 00000nam 2200000uu 4500
001    205781
003     ULIBM
008    110110s2553||||th 000 0 tha d
060  0 วจ WY 19 บ788ก 2553.
100 0  ^aเบญจวรรณ ศรีโยธิน.
245 00 ^aกระบวนการจัดการความรู้ของนักศึกษาพยาบาลในวิชาปฏิบัติการบริหารการพยาบาล = Knowledge Management Process of Nursing Students in Nursing Administration Practice/^bเบญจวรรณ ศรีโยธิน,ชุติมา มาลัย.
260    ^aราชบุรี : ^bวิทยาลัยพยาบาลบรมราชชนนี ราชบุรี,^c2553.
300    ^aจำนวน 67 หน้า;^bภาพประกอบ.
650  0 ^aการบริหารการพยาบาล.
650  0 ^aพยาบาล - - กระบวนการจัดการความรู้.
700 0  ^aชุติมา มาลัย.
710 1  ^aวิทยาลัยพยาบาลบรมราชชนนี ราชบุรี.
999    ^aใช้งานได้ทุกระบบ
รายการนี้ยังไม่มีแท็ก
คุณยังไม่ได้ล็อกอิน คุณสามารถมีกิจกรรมร่วมกับเว็บไซต์ได้ แต่ต้องล็อกอินก่อน ::
  ล็อกอิน
ลำดับที่ ประเภท เลขเรียก สถานที่ สถานะ
1. งานวิจัย
งานวิจัย
วจ WY 19 บ788ก 2553  
  
หนังสือทั่วไป On Shelf
  ขอยืม
   [แสดง 1/1 รายการ]

รายการใกล้เคียง
    หัวเรื่อง [การบริหารการพยาบาล.]

BibComment


ยังไม่เคยถูกคอมเมนท์

คอมเมนท์ทรัพยากรรายการนี้
  คอมเมนท์: กระบวนการจัดการค..
Bib 205781

 
 
 

 Union Library Management : ULibM
Copyright 2026. All Rights Reserved.
скачать бесплатно без регистрации порно красивый секс HD Sex Hindi sex

xxx gou

xxxx

bfxxx

xxxwww

Секса Видео

xxxx

Секса Видео

detube

geilexxx

C99 Shell

worms shell

blod xxx video
Ebony Coed Rihanna Rimes Takes A Dick In Her Young Twat priyaa indian fuck anal and pusssy hardcore indian women xxx desi hardcore fucking part 1 bengalixxxcouple